000 06081nam a2200577 a 4500
005 20091218141946.0
008 080508s2008 ctua 000 0 eng
010 _aB-368664-692
020 _a9788124112786
_c245.00
035 _aB-368664-692
037 _bBook Mark Distributors
040 _adpl
_bEnglish
082 _a954
100 _aGupta, Shobhna
245 _aMonuments of India /
_cby Shobhna Gupta
260 _aNew Delhi
_bHar Anand Publications
_c2008(repr.).
270 _aE-49/3, Okhla Industrial Area, Phase-II,
_bNew Delhi
_e110020
300 _a116p.:
_c30cm(Hb)
_bcol. ill
520 _aCollects anecdotes from teenagers about friendship, peer pressure, self-acceptance, family life, relationships, and overcoming obstacles.
942 _2ddc
_cCH
_mGUP
_h954
999 _c33209
_d33209